000 00714cam a22002533a 4500
001 7833
003 PGUSA
005 20140828083149.0
008 050401s2005||||xxu|||||s|||||000 1 eng d
040 _aPGUSA
_beng
042 _adc
050 4 _aPS
100 1 _aHolley, Marietta,
_d1836-1926
245 1 0 _aSamantha on the Woman Question
_h[electronic resource] /
_cMarietta Holley
260 _bProject Gutenberg,
_c2005
506 _aPublic domain in the USA.
516 _aElectronic text
653 _aFeminism -- Fiction
653 _aWomen's rights -- Fiction
653 _aSex role -- Fiction
830 0 _aProject Gutenberg
_v7833
856 4 0 _uhttp://www.gutenberg.org/ebooks/7833
942 _cEB
999 _c237133
_d237133